00226nam a2200097Ia 4500008004100000041000800041082001000049100001500059245002800074260002600102231212s1978 xx 000 0 und d aeng a621.3 amoskvin V. aConcrete and Reinforced aMascowbMir Pubc1978